[Event "Speed Chess Championship 2020"]
[Site "Online"]
[Date "2020.12.12"]
[Round "3.24"]
[White "Vachier-Lagrave, Maxime"]
[Black "Carlsen, Magnus"]
[Result "1-0"]
[WhiteElo "2784"]
[BlackElo "2862"]
[Annotator "TA"]
[PlyCount "71"]
[EventDate "2020.10.31"]
[EventType "k.o."]
[EventCountry "NET"]
[SourceTitle "playchess.com"]
[Source "ChessBase"]
[SourceQuality "1"]

{[%evp 10,71,25,45,28,28,53,62,84,78,96,86,86,86,94,106,116,89,103,54,84,76,76,76,89,82,82,84,81,45,85,32,35,20,63,12,49,37,88,24,27,35,129,-20,62,48,201,206,279,256,332,277,416,444,691,666,455,210,207,215,217,219,634,246]} 1. e4 g6 2. d4 Bg7 3. Nc3 d6 4. Nf3 a6 5. Be3 b5 6. Bd3 Nd7 {B06: Modern Defence.} 7. O-O c5 8. dxc5 {[#]} dxc5 $146 {White is slightly better.} ({Predecessor:} 8... Nxc5 9. a4 b4 10. Nd5 Bb7 11. Nxb4 Nxe4 12. Qe2 Ngf6 13. Bxa6 Bxa6 14. Nxa6 O-O {1-0 (36) Vysochin,S (2560)-Vokac,M (2490) Pardubice 2003}) 9. e5 Bb7 10. e6 fxe6 11. Ng5 Bxc3 12. bxc3 Qb6 13. c4 {[%mdl 1024] White has strong compensation.} Ngf6 14. a4 {[%cal Ra4b5]} b4 15. Qe2 Ne5 16. Bf4 Qc6 {[%csl Gb7][%cal Rc6g2] [#]} 17. f3 Nxd3 18. cxd3 Bc8 19. Rfe1 h6 20. Nh3 (20. Nxe6 $16 {Strongly threatening Nc7+.} Ra7 21. Qe3 Bxe6 22. Qxe6 Qxe6 23. Rxe6) 20... g5 $14 21. Be5 Rf8 22. Nf2 ({White should play} 22. a5 $14) 22... a5 23. d4 {Threatens to win with Qd3.} cxd4 ({Black should try} 23... g4 $14) 24. Bxd4 (24. Qd3 $16) 24... Ba6 25. Rac1 Rd8 (25... Bb7 $14) 26. Ba1 ({Better is} 26. Bxf6 $16 Rxf6 27. Qe5) 26... Kf7 (26... g4 $11) 27. Nd3 {Ne5+ is the strong threat.} Kg8 $2 {[#] A mistake that costs the game.} (27... Ke8 $1 $14) 28. Ne5 $1 $18 {[%cal Re5c6]} Qc5+ 29. Kh1 Nh5 30. Ng6 Rf7 (30... Bc8 {might work better.} 31. Nxf8 Kxf8) 31. Qxe6 {[%mdl 64] Double Attack} Qd6 (31... Bc8 $142 32. Nxe7+ Qxe7 33. Qg6+ (33. Qxh6 Ng3+ 34. hxg3 Qxe1+ 35. Rxe1 Rh7 $16) 33... Rg7 34. Qxh5 Qd6 35. Bxg7 Kxg7) 32. Nxe7+ Qxe7 33. Qxe7 ({Not} 33. Qxh6 Ng3+ 34. hxg3 Qxe1+ 35. Rxe1 Rh7 $16) (33. Qg6+ $142 Rg7 34. Qxh5) 33... Rxe7 34. Rxe7 Nf4 35. Ra7 Bxc4 $2 (35... Nd3) 36. Rxa5 $2 {Weighted Error Value: White=0.31/Black=0.59} (36. g3) 1-0

[Event "Speed Chess Championship 2020"]
[Site "Online"]
[Date "2020.12.12"]
[Round "3.25"]
[White "Nakamura, Hikaru"]
[Black "So, Wesley"]
[Result "0-1"]
[WhiteElo "2736"]
[BlackElo "2816"]
[Annotator "TA"]
[PlyCount "56"]
[EventDate "2020.10.31"]
[EventType "k.o."]
[EventCountry "NET"]

{[%evp 9,56,18,16,21,17,0,0,0,9,0,0,0,0,0,0,0,0,0,0,0,0,0,0,-2,12,8,12,18,117,123,114,121,118,50,36,50,45,50,105,-613,-618,-620,-610,-608,-552,-2717,-2615,-29996,-29997]} 1. e4 c5 2. Nf3 d6 3. Bb5+ Nd7 4. Ba4 Ngf6 5. O-O e6 6. Re1 {B51: Sicilian: Moscow Variation (3 Bb5+) without 3...Bd7.} a6 7. c4 Be7 8. d4 {The position is equal.} cxd4 9. Nxd4 O-O 10. Nc3 Ne5 11. Qe2 Qc7 12. Bb3 $1 Bd7 13. f4 Nc6 {[#]} 14. Be3 $146 ({Predecessor:} 14. Nxc6 Bxc6 15. Bd2 Rab8 16. Kh1 b5 17. cxb5 axb5 18. Rac1 Qb7 19. a3 Rfc8 20. h3 {1-0 (60) Shuvalova,P (2446)-Protopopova,A (2230) Moscow 2019}) 14... Rac8 15. Nxc6 Bxc6 16. Bf2 Rfe8 17. Rad1 Qa5 18. Bc2 b5 (18... Qh5 $11) 19. e5 $16 dxe5 20. fxe5 Nd7 {[#]} 21. Rxd7 $1 {[%mdl 512]} Bxd7 $14 {[#]} 22. Qd3 $1 {[%csl LRd7,LRh7][%mdl 576] Double Attack} g6 {White must now prevent ...Red8.} 23. Qxd7 {Hoping for c5.} Bb4 (23... Qb4 $14) 24. Ne4 $2 {[%mdl 8192] White does not recover from this.} (24. cxb5 $16 Red8 25. Qb7 Bxc3 26. bxc3 Rxc3 27. Bb3 Qxb5 28. Qa7) 24... Bxe1 $19 25. Nf6+ {[#]} Kg7 $1 ({Stronger than} 25... Kh8 26. Qxf7 Bxf2+ 27. Kxf2 $16) 26. Nxe8+ Rxe8 27. Qxe8 {[#] White wants to mate with Bc5.} Qd2 $1 {[%mdl 576] Double Attack} 28. Bc5 {[#]} Bf2+ $1 {[%mdl 576] Back Rank.  Weighted Error Value: White=0.89/Black=0.12} 0-1

[Event "Speed Chess Championship 2020"]
[Site "Online"]
[Date "2020.12.12"]
[Round "3.26"]
[White "So, Wesley"]
[Black "Nakamura, Hikaru"]
[Result "1-0"]
[WhiteElo "2816"]
[BlackElo "2736"]
[Annotator "TA"]
[PlyCount "169"]
[EventDate "2020.10.31"]
[EventType "k.o."]
[EventCountry "NET"]

{[%evp 9,168,39,30,24,44,11,54,42,75,48,70,44,62,65,57,54,59,56,69,68,103,93,101,95,119,119,168,160,184,132,141,124,131,132,217,194,173,181,222,227,295,293,450,164,166,164,249,235,229,226,218,210,208,207,195,189,174,170,169,162,259,258,289,276,281,0,176,0,262,264,282,266,409,421,429,397,558,564,852,587,856,848,747,723,969,973,944,875,29966,6498,29973,4137,29975,29976,29976,29977,29987,29988,29983,29979,29979,29980,29980,29981,29981,29982,29982,29983,29983,29984,29984,29985,29984,29985,29985,29986,29986,29987,29987,29988,29988,29989,29989,29990,29990,29991,29991,29992,29992,29993,29994,29993,29993,29992,29993,29991,29991,29992,29992,29993,29993,29994,29994,29995,29995,29996,29996,29996,29996,29997,29997,29996,29996,29997,29997,29997,29997,29998,29998,29999,29999]} 1. e4 g6 2. d4 Bg7 3. Nc3 c6 4. h3 d5 5. e5 f6 6. f4 {B15: Caro-Kann: 3 Nc3: 3...g6 and 3...dxe4 4 Nxe4 Nf6 5 Nxf6+ exf6.} Nh6 7. Nf3 O-O 8. Bd3 {White is slightly better.} Bf5 9. O-O {[#]} Nd7 $146 ({Predecessor:} 9... e6 10. Ne2 c5 11. Bxf5 Nxf5 12. exf6 Bxf6 13. dxc5 Qc7 14. Qd3 Na6 15. c3 Nxc5 {½-½ (42) Borda Rodas,A (2121)-Avramidou,A (2267) chess.com INT 2020}) 10. Ne2 Be4 11. Bxe4 dxe4 12. Nd2 f5 13. Nc4 Nb6 14. Ne3 Nd5 {[#]} 15. c4 $1 {[%cal Rc4d5]} Nxe3 16. Bxe3 e6 17. Qb3 Qe7 18. Rad1 Rfd8 19. Rd2 ({White should try} 19. d5 $18) 19... Nf7 20. Rfd1 g5 {[#]} 21. d5 $1 exd5 (21... Re8 $16 {is a better defense.}) 22. cxd5 $18 {Strongly threatening d6.} gxf4 23. Bxf4 {And now d6 would win.} cxd5 24. Rxd5 {Hoping for e6!} Rxd5 25. Rxd5 Rd8 (25... e3 {was called for.} 26. Nd4 (26. Qxe3 Qe6 $18) 26... Rd8 27. Nxf5 Qe6) 26. Nd4 $2 (26. Rxd8+ Qxd8 27. e6) 26... Rxd5 27. Qxd5 Qd8 (27... Bxe5 {was worth a try.} 28. Nxf5 Qc7) 28. Qxd8+ ({Stronger than} 28. Nxf5 Qxd5 29. Ne7+ Kf8 $11) 28... Nxd8 29. Nxf5 {[%mdl 4096] Endgame KBN-KBN} Ne6 30. Bg3 Bf8 31. Nd6 e3 32. Kf1 Nd4 33. Bf4 ({Worse is} 33. Nxb7 e2+ 34. Kf2 Bb4 $11) 33... e2+ 34. Kf2 Be7 (34... b6 $142 35. Ke1 Be7) 35. g3 ({Not} 35. Nxb7 $2 Bb4 $19) 35... b6 36. Be3 Nc6 37. Bf4 Nd4 38. Be3 (38. Bd2 $142) 38... Nc6 $1 39. Kxe2 Nxe5 40. Nc8 Bf6 (40... Nc6 {might work better.} 41. Nxe7+ Nxe7) 41. Nxa7 Nc4 42. b3 Nd6 (42... Nxe3 $142 43. Kxe3 Kf7) 43. Bxb6 Ne4 44. Kf3 Nc3 45. a4 Nd5 46. a5 Nb4 47. Bc5 Na6 48. b4 Be5 49. Nc6 Bc7 50. Be3 (50. Bb6 $142 Kf7 51. b5 Nb4 52. Bxc7 Nc2 53. a6 Na1 54. b6 Nb3 55. Ne5+ Kf6 56. b7) 50... Bd6 51. b5 {White mates.} Nc7 52. b6 Nd5 53. b7 Kf7 54. b8=Q Bxb8 55. Nxb8 Ke6 56. a6 Nc7 57. a7 Kd5 58. Bf4 Na8 59. Na6 Kc6 {[#]} 60. Nc7 $1 Nb6 (60... Nxc7 61. Bxc7) 61. a8=Q+ {Cut Off at move 61} Nxa8 62. Nxa8 Kd7 63. Nc7 Ke7 64. g4 Kf6 65. g5+ Kg6 66. Kg4 Kf7 67. h4 Ke7 68. h5 Kf7 69. h6 Kg6 70. Ne6 Kf7 71. Nd4 Kg6 72. Nf3 {[%cal Rf3e5]} Kf7 73. Bg3 Ke6 {[#]} 74. g6 $1 {[%mdl 64] Promotion} hxg6 75. h7 Kd5 76. h8=Q Kc6 77. Qe5 Kb7 78. Qd6 g5 79. Kxg5 Ka7 80. Kf5 Kb7 81. Ke6 Ka7 82. Kd7 Kb7 83. Nd4 Ka7 84. Nb5+ Kb7 85. Qc6# {Weighted Error Value: White=0.32/Black=0.55} 1-0

[Event "Speed Chess Championship 2020"]
[Site "Online"]
[Date "2020.12.13"]
[Round "4.1"]
[White "Nakamura, Hikaru"]
[Black "Vachier-Lagrave, Maxime"]
[Result "1-0"]
[WhiteElo "2736"]
[BlackElo "2784"]
[Annotator "TA"]
[PlyCount "81"]
[EventDate "2020.10.31"]
[EventType "k.o."]
[EventCountry "NET"]
[SourceTitle "playchess.com"]
[Source "ChessBase"]
[SourceQuality "1"]

{[%evp 9,81,0,5,0,3,6,0,0,0,-3,0,0,8,-7,8,-8,-12,-11,44,31,37,21,25,21,73,19,45,52,54,55,56,41,48,50,43,38,64,22,58,56,79,68,127,56,64,56,55,0,0,0,0,-9,-9,-8,-9,-14,207,-101,54,30,26,0,0,0,38,39,77,2,2,5,12,-70,956,920]} 1. e4 c5 2. Nf3 d6 3. Bc4 Nf6 4. d3 a6 5. c3 b5 (5... e6 {seems wilder.} 6. Bb3 Be7 7. Bf4 Nc6 8. Nbd2 O-O) 6. Bb3 {B50: Sicilian: 2...d6, Miscellaneous.} e6 7. O-O Bb7 8. Nbd2 {The position is equal.} Be7 9. Re1 O-O 10. d4 Nbd7 11. Bc2 Qc7 {[#]} 12. e5 $146 ({Predecessor:} 12. Nf1 Rac8 13. Re2 Rfd8 14. Ng3 Bf8 15. Bg5 Be7 16. Rc1 Nf8 17. Qe1 Ne8 18. Bf4 {0-1 (50) Steuck,C (1269)-Gomes,C (1576) Florianopolis 2020}) 12... Nd5 13. Ne4 cxd4 (13... dxe5 $11 14. dxe5 Rfd8) 14. exd6 $14 Bxd6 15. Nxd6 Qxd6 16. Qxd4 Rac8 (16... Rfd8 $11) 17. Bg5 (17. a4 $16) 17... Rc4 18. Qd3 $40 {[%csl Gc2][%cal Rd3h7][%mdl 128] [#] White has some attack.} g6 19. Rad1 {aiming for b3.} Rfc8 20. Qe2 Qf8 21. Bb3 R4c7 22. Qd2 Nc5 23. Bc2 Rd7 24. Ne5 {And now Bh6 would win.} Rdc7 25. Ng4 h5 (25... f6 $14) 26. Ne5 (26. Bh6 $16 Qe7 27. Qd4) 26... Qg7 27. Bh4 Nd7 28. Nxg6 (28. Nxd7 $1 $14 Rxd7 29. Bg3) 28... fxg6 29. Rxe6 Nf8 $1 {[%cal Rf8e6]} 30. Rd6 {Black must now prevent Bb3.} Rd7 31. Rxd7 $1 Nxd7 ({But not} 31... Qxd7 32. Bb3 $16) 32. Qg5 Ne5 $2 (32... Re8 $11) 33. f4 $2 {[#]} (33. Be4 $18) 33... Ne3 $2 (33... Nf7 $1 $17 {[%cal Rf7g5]} 34. Qxg6 Nxf4 {[%mdl 64] Discovered Attack} 35. Qxg7+ Kxg7) 34. fxe5 Nxd1 ({Don't blunder} 34... Nxc2 $2 35. e6 $18) 35. Bb3+ Kh7 36. Bxd1 Rc5 37. Bg3 Rd5 38. Bc2 (38. Bb3 $16) 38... Qh6 $1 $11 {[%cal Rh6g5]} 39. Qxh6+ Kxh6 40. h4 ({White should play} 40. Bb3 $11) 40... Rd2 $2 {[%mdl 8192]} (40... g5 $15 41. e6 Rd2) 41. Bf4+ {[%mdl 64] Double Attack.  Weighted Error Value: White=0.32/Black=0.33} 1-0

[Event "Speed Chess Championship 2020"]
[Site "Online"]
[Date "2020.12.13"]
[Round "4.2"]
[White "Vachier-Lagrave, Maxime"]
[Black "Nakamura, Hikaru"]
[Result "1/2-1/2"]
[WhiteElo "2784"]
[BlackElo "2736"]
[Annotator "TA"]
[PlyCount "166"]
[EventDate "2020.10.31"]
[EventType "k.o."]
[EventCountry "NET"]
[SourceTitle "playchess.com"]
[Source "ChessBase"]
[SourceQuality "1"]

{[%evp 18,166,26,0,31,6,13,7,26,20,10,0,0,0,0,0,0,-19,-9,-15,-13,-13,-11,0,0,0,0,0,0,0,8,8,26,20,25,15,16,16,16,12,14,14,15,-3,0,0,0,0,8,8,8,8,8,8,8,8,8,8,27,27,24,24,27,27,31,33,46,46,46,46,46,46,57,6,8,6,8,8,8,8,8,8,28,28,28,28,28,28,37,37,37,37,41,29,41,33,69,15,15,8,35,8,33,33,33,30,40,39,68,25,41,16,16,8,8,8,37,39,47,8,8,8,15,8,16,16,16,16,16,12,36,8,8,8,8,8,8,8,8,8,8,8,8,8,12,4,4,4,4,-8,-8]} 1. e4 e5 2. Nf3 Nc6 3. Bb5 Nf6 4. O-O Nxe4 5. d4 Nd6 6. Bxc6 dxc6 7. dxe5 Nf5 8. Qxd8+ Kxd8 9. h3 Ke8 10. Nc3 h5 {C67: Ruy Lopez: Berlin Defence: 4 0-0 Nxe4.} 11. Bf4 Be7 12. Rad1 Be6 13. Ng5 Rh6 14. Rfe1 Bb4 15. a3 {The modern move.} Bxc3 16. bxc3 h4 17. g4 hxg3 $1 18. fxg3 Ne7 19. h4 Nd5 20. Bc1 b5 {[#]} 21. c4 $146 ({Predecessor:} 21. Rd3 Rd8 22. Rf1 Rh8 23. Rdf3 Rd7 24. Nxe6 fxe6 25. g4 c5 26. h5 Kd8 27. Rf7 Rxf7 28. Rxf7 {1-0 (48) Maghsoodloo,P (2676)-Martirosyan,H (2622) chess.com INT 2020}) 21... bxc4 22. Rd4 c3 23. Rc4 Rb8 24. Rxc6 Rb1 25. Kf2 Kd7 26. Rc5 Rh8 27. Ne4 Rhb8 28. Nxc3 Nxc3 29. Rxc3 R8b5 30. h5 Rd5 31. Bf4 Rxe1 32. Kxe1 $11 {[%mdl 4096] Endgame KRB-KRB} Bg4 33. e6+ {[%mdl 64] [#] Decoy} Kxe6 34. Rc6+ Kf5 35. h6 gxh6 36. Rxc7 Ra5 37. Rxf7+ Kg6 38. Rc7 Rxa3 39. Rc6+ Kf5 40. Rxh6 Ra2 41. Kd2 Bf3 42. Ke3 Ra3+ 43. Kd4 Be2 44. Rc6 a5 {[%cal Ba7a5,Ba5a4,Ba4a3][%mdl 32]} 45. c4 (45. Rc8 $14) 45... Rd3+ 46. Kc5 a4 47. Ra6 a3 48. Ra5 Kg4 49. Be5 Rd8 50. Kb4 Re8 51. Bd4 Kxg3 52. Rxa3+ Bf3 53. Ra7 Kf4 54. Rf7+ Ke4 55. Bb6 Bg2 56. Bc7 Rc8 57. Rf4+ (57. c5 $14) 57... Kd3 58. Bd6 Bc6 59. c5 Be4 60. Kb5 Ke3 61. Rh4 Bc6+ 62. Kb6 Bf3 63. Bc7 Re8 64. Rh6 Bd5 65. Rh3+ Kd4 66. Bd6 Rc8 67. Rh4+ Be4 68. Bc7 Re8 69. Rh2 Kc4 70. Rh6 Bd5 71. Bd6 Re6 72. Rh4+ Be4 73. Kc7 {[#] Black must now prevent Kd7.} Kb5 74. Kd7 Bf5 {And now ...Re4+ would win.The position is equal.} 75. Rf4 Bh3 76. Kc7 Rh6 77. Rf7 Bg2 78. Rf2 Rh7+ 79. Kd8 Bd5 80. Be7 Rf7 81. Rxf7 Bxf7 82. Kd7 Bd5 83. c6 Bxc6+ {Accuracy: White = 87%, Black = 90%.} 1/2-1/2

[Event "Speed Chess Championship 2020"]
[Site "Online"]
[Date "2020.12.13"]
[Round "4.3"]
[White "Nakamura, Hikaru"]
[Black "Vachier-Lagrave, Maxime"]
[Result "1/2-1/2"]
[WhiteElo "2736"]
[BlackElo "2784"]
[Annotator "TA"]
[PlyCount "131"]
[EventDate "2020.10.31"]
[EventType "k.o."]
[EventCountry "NET"]
[SourceTitle "playchess.com"]
[Source "ChessBase"]
[SourceQuality "1"]

{[%evp 9,131,0,0,0,0,-7,0,0,0,0,0,0,0,0,4,-15,-19,-12,30,28,34,27,28,28,28,25,14,7,37,11,37,34,24,25,44,48,41,43,65,27,72,46,53,0,14,0,0,0,0,0,14,10,12,11,9,14,16,0,25,2,14,13,15,12,33,29,52,7,20,17,30,25,25,25,25,25,31,28,25,20,79,11,11,11,19,12,10,0,4,0,2,0,6,0,0,0,0,0,0,0,0,0,0,0,0,0,0,0,0,0,0,0,0,0,0,0,0,0,0,0,1,0,2,0]} 1. e4 c5 2. Nf3 d6 3. Bc4 Nf6 4. d3 a6 5. c3 b5 6. Bb3 {B50: Sicilian: 2...d6, Miscellaneous.} e6 7. Nbd2 Bb7 8. O-O Be7 9. Re1 O-O 10. Bc2 Nbd7 11. d4 $5 {[%mdl 4] A promising side line.} Qc7 {[#]} 12. e5 $146 ({Predecessor:} 12. Nf1 Rac8 13. Re2 Rfd8 14. Ng3 Bf8 15. Bg5 Be7 16. Rc1 Nf8 17. Qe1 Ne8 18. Bf4 {0-1 (50) Steuck,C (1269)-Gomes,C (1576) Florianopolis 2020}) 12... Nd5 13. Ne4 cxd4 14. exd6 Bxd6 15. Nxd6 Qxd6 16. Qxd4 Rfc8 17. Bg5 h6 18. Bh4 Qf4 19. Qd3 {[#] Qh7+ would kill now.} N7f6 20. Bg3 Qc4 21. Qd1 Rd8 {And now ...Nxc3 would win.} 22. Ne5 Qc5 23. Qe2 Qb6 24. Rad1 Rac8 25. h3 Ne7 26. Kh2 (26. Ng4 $14) 26... Nf5 27. Bf4 Rxd1 28. Rxd1 Nd5 29. Bc1 Qc7 {Strongly threatening ...f6.} 30. Kg1 Rd8 31. Nf3 Nde7 32. Rxd8+ Qxd8 33. Qd1 Qd5 34. a3 {[%cal Ba2a3,Ba3a4][%mdl 32]} Qxd1+ (34... Nd6 {seems wilder.} 35. Qd4 f6 36. a4 Kf7 37. axb5 Qxd4 38. Nxd4 axb5 39. Bd3 Ba6) 35. Bxd1 Nd6 36. Ne5 Bd5 37. Nd3 Nc6 38. a4 Nb7 39. Nf4 Be4 40. f3 Bb1 41. axb5 axb5 42. Be2 Nd6 43. Nd3 Ba2 44. Bf4 Nb7 {[#]} (44... Nf5 $1 $11 {keeps the balance.}) 45. Ne5 (45. Nb4 $1 $16 {[%cal Rb4a2]} Nxb4 46. cxb4) 45... Nxe5 $11 {The position is equal.} 46. Bxe5 {[%mdl 4096] Endgame KBB-KBN} Bc4 47. Bd1 f6 48. Bd4 e5 49. Bb6 Kf7 50. Kf2 Ke6 51. Ke3 Nd6 52. Bc5 g5 53. b3 {Black must now prevent Bxd6.} Bd5 54. g3 Nf5+ 55. Kf2 h5 56. g4 hxg4 57. hxg4 Nh4 58. Be3 Ng6 59. Be2 Bxb3 60. Bxb5 Nf4 61. Bb6 Bd5 62. Ba6 Bc6 63. Bc4+ Bd5 64. Ba6 Bc6 65. Bc4+ Bd5 66. Ba6 {Weighted Error Value: White=0.08/Black=0.08} 1/2-1/2

[Event "Speed Chess Championship 2020"]
[Site "Online"]
[Date "2020.12.13"]
[Round "4.4"]
[White "Vachier-Lagrave, Maxime"]
[Black "Nakamura, Hikaru"]
[Result "1-0"]
[WhiteElo "2784"]
[BlackElo "2736"]
[Annotator "TA"]
[PlyCount "90"]
[EventDate "2020.10.31"]
[EventType "k.o."]
[EventCountry "NET"]
[SourceTitle "playchess.com"]
[Source "ChessBase"]
[SourceQuality "1"]

{[%evp 18,90,17,6,27,23,21,10,20,24,22,5,7,0,0,0,0,-21,-24,0,-4,-11,-7,0,6,-18,0,0,0,0,13,13,8,0,0,0,0,0,19,11,20,23,45,0,0,0,16,0,0,0,183,160,219,204,204,204,204,65,524,517,456,456,456,456,456,456,456,455,455,455,455,455,441,426,411]} 1. e4 e5 2. Nf3 Nc6 3. Bb5 Nf6 4. O-O Nxe4 5. d4 Nd6 6. Bxc6 dxc6 7. dxe5 Nf5 8. Qxd8+ Kxd8 9. h3 Ke8 10. Nc3 h5 {C67: Ruy Lopez: Berlin Defence: 4 0-0 Nxe4.} 11. Bf4 Be7 12. Rad1 Be6 {The position is equal.} 13. Ng5 Rh6 14. Rfe1 Bb4 15. a3 $1 {[%mdl 4] is recently more successful than 15.g4.} Bxc3 16. bxc3 h4 17. g4 hxg3 $1 18. fxg3 Ne7 19. h4 Nd5 20. Bc1 b5 {[#]} 21. Rd4 $146 ({Predecessor:} 21. Rd3 Rd8 22. Rf1 Rh8 23. Rdf3 Rd7 24. Nxe6 fxe6 25. g4 c5 26. h5 Kd8 27. Rf7 Rxf7 28. Rxf7 {1-0 (48) Maghsoodloo,P (2676)-Martirosyan,H (2622) chess.com INT 2020}) 21... Nb6 22. Ne4 Rh5 23. Nc5 Rd8 24. Rxd8+ Kxd8 25. Nxe6+ fxe6 $11 {[%mdl 4096] Endgame KRB-KRN} 26. g4 Rh8 27. h5 Nd5 28. Bd2 Ke7 29. Kg2 c5 30. Kg3 c4 31. Rh1 c5 32. Rb1 Rb8 33. g5 b4 $2 {[#]} (33... Kf7 $11 {and Black has nothing to worry.}) 34. axb4 cxb4 (34... a5 $16) 35. cxb4 $18 c3 36. Be1 Rxb4 37. Ra1 (37. Rxb4 $18 Nxb4 38. Bxc3 Nxc2 39. Kf4) 37... Nf4 $2 {[%mdl 8192] Loses the game.} (37... a5 $1 $14) 38. Rxa7+ {White is clearly winning.} Kf8 39. Ra8+ Kf7 40. g6+ Ke7 41. Ra7+ Ke8 42. h6 Nh5+ 43. Kh3 {[#] aiming for h7.} gxh6 44. g7 Nxg7 45. Rxg7 Re4 {Weighted Error Value: White=0.09/Black=0.36} 1-0

[Event "Speed Chess Championship 2020"]
[Site "Online"]
[Date "2020.12.13"]
[Round "4.5"]
[White "Nakamura, Hikaru"]
[Black "Vachier-Lagrave, Maxime"]
[Result "0-1"]
[WhiteElo "2736"]
[BlackElo "2784"]
[Annotator "TA"]
[PlyCount "74"]
[EventDate "2020.10.31"]
[EventType "k.o."]
[EventCountry "NET"]
[SourceTitle "playchess.com"]
[Source "ChessBase"]
[SourceQuality "1"]

{[%evp 9,74,5,7,6,8,0,0,-5,0,-7,-4,0,6,-6,32,0,8,-35,-32,-34,-25,-29,-27,-74,-36,-37,-49,-97,-86,-82,-83,-89,-33,-36,-36,-31,62,41,117,114,110,-81,-81,-89,-89,-75,-70,-31,-34,-33,-23,-76,-76,-88,-78,-189,-214,-347,-351,-29977,-29977,-29975,-29975,-29986,-29987,-29987,-29988]} 1. e4 c5 2. Nf3 d6 3. Bc4 Nf6 4. d3 a6 5. c3 b5 6. Bb3 {B50: Sicilian: 2...d6, Miscellaneous.} e6 7. Nbd2 Bb7 8. O-O {The position is equal.} Nbd7 9. Re1 Be7 10. Bc2 Qc7 {[#]} 11. d4 $146 ({Predecessor:} 11. Nf1 O-O 12. Ng3 Rfe8 13. d4 cxd4 14. cxd4 Rac8 15. Bd3 e5 16. d5 Nc5 17. Bf1 {0-1 (79) Yakubboev,N (2422)-Salem,A (2625) Sharjah 2016}) 11... Rc8 12. Bb1 O-O 13. e5 Nd5 14. Ne4 dxe5 15. dxe5 Rfd8 (15... Nxe5 $2 16. Nxe5 Qxe5 17. Ng5 $18) 16. Ng3 Nf8 {Threatens to win with ...Nxc3!} 17. Qe2 c4 18. Nh5 Ng6 19. a3 Nb6 20. Nd4 Nd7 ({Better is} 20... Bc5 $1 $17 21. Nf3 Nd7) 21. f4 $15 {Black should prevent f5.} Nc5 22. f5 Rxd4 (22... exf5 $15 23. Bxf5 Rd5) 23. cxd4 $14 Nb3 ({Black should try} 23... exf5 $1 $14 24. Bxf5 (24. dxc5 Nh4 $11) 24... Nb3) 24. fxg6 $16 hxg6 25. Ra2 $2 (25. Qg4 $16 {stays on course. aiming for Bxg6!} Qc6 26. d5 (26. Be4 gxh5 27. Bxc6 hxg4 $14) 26... Qxd5 27. Nf4) 25... Nxd4 $17 26. Qg4 {Kh1 is the strong threat.} gxh5 27. Qxh5 {Intending Qh7+ and mate.} ({Wrong is} 27. Qxd4 $2 Bc5 $19) 27... Nf5 $1 28. Bxf5 exf5 29. Qxf5 Qc6 $40 {[%csl Gb7][%cal Rc6g2][%mdl 128] Black mounts an attack.} 30. Qg4 (30. Qf1 $11) 30... Rd8 31. Be3 {[#]} Bc5 $1 {White must now prevent ...Rd2!} 32. e6 {[#]} (32. Kf1 $17) 32... Rd2 $1 $19 {[%cal Rd2g2][%mdl 512]} 33. exf7+ (33. Kf1 $142 Qxg2+ 34. Qxg2 Bxg2+ 35. Kg1 Bxe3+ 36. Rxe3 fxe6 37. Ra1) 33... Kf8 {[%cal Rd2g2]} 34. b4 $2 (34. Bxc5+ $19 Qxc5+ 35. Kh1 Bxg2+ 36. Qxg2 Rxg2 37. Kxg2) 34... Bxe3+ {Black mates.} 35. Rxe3 Rxa2 36. Re8+ Kxf7 37. Qh5+ g6 {Weighted Error Value: White=0.47/Black=0.10} 0-1

[Event "Speed Chess Championship 2020"]
[Site "Online"]
[Date "2020.12.13"]
[Round "4.6"]
[White "Vachier-Lagrave, Maxime"]
[Black "Nakamura, Hikaru"]
[Result "1/2-1/2"]
[WhiteElo "2784"]
[BlackElo "2736"]
[Annotator "TA"]
[PlyCount "89"]
[EventDate "2020.10.31"]
[EventType "k.o."]
[EventCountry "NET"]
[SourceTitle "playchess.com"]
[Source "ChessBase"]
[SourceQuality "1"]

{[%evp 10,89,22,21,27,6,11,20,18,12,26,24,22,16,20,22,14,14,15,23,24,-7,0,-35,-8,-14,5,-50,27,27,39,22,25,26,42,7,51,0,0,-12,-14,-62,-47,-147,-40,-176,-172,-218,-40,-47,-11,-18,-18,-19,-11,-16,-4,-5,29,-11,-11,-11,-6,-26,-6,-25,0,-6,0,0,0,0,0,0,0,0,0,0,0,0,0,0]} 1. e4 e5 2. Nf3 Nc6 3. Bc4 Bc5 4. c3 Nf6 5. d3 d6 6. O-O a5 {6...a6 is the modern continuation. C54: Giuoco Piano: 4 c3 Nf6, main lines with 5 d4 and 5 d3.} 7. Re1 h6 8. Nbd2 O-O 9. Nf1 Ne7 10. Bb3 Ng6 11. d4 Bb6 {[#]} 12. h3 $146 ({Predecessor:} 12. Ng3 Re8 13. h3 c6 14. Bc2 Bc7 15. Be3 Qe7 16. Qd2 Qf8 17. Rad1 Be6 18. b3 {½-½ (56) So,W (2780)-Nakamura,H (2777) chess.com INT 2018}) 12... exd4 13. cxd4 d5 14. e5 Ne4 15. Be3 c6 16. N3d2 Nxd2 17. Nxd2 Bf5 18. Nf1 (18. Bc2 $11 Bxc2 19. Qxc2) 18... Nh4 (18... f6 $1 $15) 19. Ng3 $11 Bh7 20. Bc2 Bxc2 21. Qxc2 Qd7 22. a4 Rae8 23. Ra3 ({Better is} 23. Qe2 $14) 23... f6 24. Rb3 Ba7 25. exf6 Rxf6 26. Qc3 {[#]} (26. Qd1 $15) 26... Rfe6 ({Black should play} 26... Qf7 $1 $17 27. Bc1 Rxe1+ {[%mdl 64] Overworked Piece} 28. Qxe1 Bxd4) 27. Ra3 {[#]} (27. Rf1 $15) 27... Bb8 $1 $19 28. Raa1 Qd6 $2 (28... Rf8 $19 {And now ...Rg6 would win.} 29. Re2 Rg6) 29. Bd2 $15 {[#]} Nf5 $1 {[%cal Rf5g3][%mdl 512]} 30. Rxe6 (30. Nxf5 Qh2+) 30... Rxe6 31. Re1 Nxg3 32. fxg3 Rxe1+ 33. Bxe1 Qe7 34. Bf2 Bc7 35. Qb3 Bd6 36. Kf1 Bb4 37. Qf3 Qe6 38. g4 {The position is equal.} b5 39. b3 bxa4 40. bxa4 Qe8 41. Qf5 Bc3 42. Qd3 Bb4 43. Qf5 Bc3 44. Qd3 Bb4 45. Qf5 {Weighted Error Value: White=0.22/Black=0.21} 1/2-1/2